<?xml version="1.0" encoding="UTF-8"?>
<collection xmlns="http://www.loc.gov/MARC21/slim">
 <record>
  <leader>02249aam a22005418a 4500</leader>
  <controlfield tag="001">000018626</controlfield>
  <controlfield tag="003">15060</controlfield>
  <controlfield tag="005">20131204101241.0</controlfield>
  <controlfield tag="008">131129s2008                        viesd</controlfield>
  <datafield tag="020" ind1=" " ind2=" ">
   <subfield code="c">25000đ</subfield>
   <subfield code="d">5000b</subfield>
  </datafield>
  <datafield tag="041" ind1="0" ind2=" ">
   <subfield code="a">vie</subfield>
  </datafield>
  <datafield tag="082" ind1="1" ind2="4">
   <subfield code="2">14</subfield>
   <subfield code="a">372.21</subfield>
   <subfield code="b">Tuy</subfield>
  </datafield>
  <datafield tag="084" ind1=" " ind2=" ">
   <subfield code="a">U411.38</subfield>
  </datafield>
  <datafield tag="245" ind1="0" ind2="0">
   <subfield code="a">Tuyển chọn trò chơi, bài hát, thơ ca, truyện, câu đố theo chủ đề</subfield>
   <subfield code="b">Trẻ 4 - 5 tuổi</subfield>
   <subfield code="c">Tuyển chọn, b.s.: Phan Lan Anh, Lương Thị Bình, Phạm Thị Mai Chi..</subfield>
  </datafield>
  <datafield tag="250" ind1=" " ind2=" ">
   <subfield code="a">Tái bản lần thứ 3</subfield>
  </datafield>
  <datafield tag="260" ind1=" " ind2=" ">
   <subfield code="a">H.</subfield>
   <subfield code="b">Giáo dục</subfield>
   <subfield code="c">2008</subfield>
  </datafield>
  <datafield tag="300" ind1=" " ind2=" ">
   <subfield code="a">176 tr.</subfield>
   <subfield code="b">hình vẽ</subfield>
   <subfield code="c">27 cm.</subfield>
  </datafield>
  <datafield tag="500" ind1=" " ind2=" ">
   <subfield code="a">ĐTTS ghi: Viện Chiến lược và chương trình giáo dục. Trung tâm Nghiên cứu chiến lược và Phát triển chương trình giáo dục mầm non</subfield>
  </datafield>
  <datafield tag="520" ind1=" " ind2=" ">
   <subfield code="a">Giới thiệu các trò chơi, các bài hát; thơ ca, truyện, câu đố theo các chủ đề về bản thân, gia đình, môi trường tự nhiên - xã hội và dinh dưỡng - sức khoẻ</subfield>
  </datafield>
  <datafield tag="650" ind1="0" ind2="4">
   <subfield code="2">Bộ TK TVQG</subfield>
   <subfield code="a">Giáo dục mầm non</subfield>
   <subfield code="x">Phương pháp giảng dạy</subfield>
  </datafield>
  <datafield tag="650" ind1="0" ind2="4">
   <subfield code="2">Bộ TK TVQG</subfield>
   <subfield code="a">Giáo dục mầm non</subfield>
   <subfield code="x">Dạy và học</subfield>
  </datafield>
  <datafield tag="650" ind1=" " ind2="7">
   <subfield code="2">Bộ TK TVQG</subfield>
  </datafield>
  <datafield tag="650" ind1=" " ind2="7">
   <subfield code="2">Bộ TK TVQG</subfield>
  </datafield>
  <datafield tag="650" ind1=" " ind2="7">
   <subfield code="2">Bộ TK TVQG</subfield>
  </datafield>
  <datafield tag="650" ind1=" " ind2="7">
   <subfield code="2">Bộ TK TVQG</subfield>
  </datafield>
  <datafield tag="650" ind1=" " ind2="7">
   <subfield code="2">Bộ TK TVQG</subfield>
  </datafield>
  <datafield tag="653" ind1=" " ind2=" ">
   <subfield code="a">Thơ ca</subfield>
  </datafield>
  <datafield tag="653" ind1=" " ind2=" ">
   <subfield code="a">Trò chơi</subfield>
  </datafield>
  <datafield tag="653" ind1=" " ind2=" ">
   <subfield code="a">Bài hát</subfield>
  </datafield>
  <datafield tag="653" ind1=" " ind2=" ">
   <subfield code="a">Truyện kể</subfield>
  </datafield>
  <datafield tag="653" ind1=" " ind2=" ">
   <subfield code="a">Câu đố</subfield>
  </datafield>
  <datafield tag="653" ind1=" " ind2=" ">
   <subfield code="a">Giáo dục mầm non</subfield>
  </datafield>
  <datafield tag="655" ind1=" " ind2="7">
   <subfield code="2">Bộ TK TVQG</subfield>
   <subfield code="a">Sách giáo viên</subfield>
  </datafield>
  <datafield tag="700" ind1="1" ind2=" ">
   <subfield code="a">Hoàng Thị Dân</subfield>
   <subfield code="e">tuyển chọn, b.s.</subfield>
  </datafield>
  <datafield tag="700" ind1="1" ind2=" ">
   <subfield code="a">Phạm Thị Mai Chi</subfield>
   <subfield code="e">tuyển chọn, b.s.</subfield>
  </datafield>
  <datafield tag="700" ind1="1" ind2=" ">
   <subfield code="a">Lương Thị Bình</subfield>
   <subfield code="e">tuyển chọn, b.s.</subfield>
  </datafield>
  <datafield tag="700" ind1="1" ind2=" ">
   <subfield code="a">Phan Lan Anh</subfield>
   <subfield code="e">tuyển chọn, b.s.</subfield>
  </datafield>
  <datafield tag="700" ind1="1" ind2=" ">
   <subfield code="a">Lê Thị Đức</subfield>
   <subfield code="e">tuyển chọn, b.s.</subfield>
  </datafield>
  <datafield tag="OWN" ind1=" " ind2=" ">
   <subfield code="a">LSP</subfield>
  </datafield>
  <datafield tag="AVA" ind1=" " ind2=" ">
   <subfield code="a">UDN50</subfield>
   <subfield code="b">LSP</subfield>
   <subfield code="d">372.21 Tuy</subfield>
   <subfield code="e">check_holdings</subfield>
   <subfield code="t">Error 5003 Not defined in file expand_doc_bib_avail.</subfield>
   <subfield code="h">N</subfield>
   <subfield code="k">1</subfield>
  </datafield>
  <datafield tag="999" ind1=" " ind2=" ">
   <subfield code="a">From the UDN01</subfield>
  </datafield>
  <datafield tag="AVA" ind1=" " ind2=" ">
   <subfield code="a">UDN50</subfield>
   <subfield code="b">LSP</subfield>
   <subfield code="d">372.21 Tuy</subfield>
   <subfield code="e">available</subfield>
   <subfield code="t">Error 5001 Not defined in file expand_doc_bib_avail.</subfield>
   <subfield code="f">30</subfield>
   <subfield code="g">1</subfield>
   <subfield code="h">N</subfield>
   <subfield code="i">54</subfield>
   <subfield code="k">1</subfield>
  </datafield>
  <datafield tag="TYP" ind1=" " ind2=" ">
   <subfield code="a">Monograph</subfield>
  </datafield>
  <datafield tag="TYP" ind1=" " ind2=" ">
   <subfield code="a">Printed language</subfield>
  </datafield>
  <datafield tag="980" ind1=" " ind2=" ">
   <subfield code="a">Mạng thư viện Đại học Đà Nẵng</subfield>
  </datafield>
 </record>
</collection>
